LEADER 01456nam a2200277 u 4500 001 000000023155 003 CaOOAMICUS 005 20070226111215.0 008 950519s1929 gw f u000 u ger u 035 $a10581283 040 $aPUL$bita 041 0 $ager$aita 110 1 $aSanta Sede.$0(OLS)http://pul/name/987 240 10$aTrattati, ecc.$9(Santa Sede).$gItalia,$811 feb. 1929.$0(OLS)http://pul/title/32242 245 14$aDie Lateran-Verträge zwischen dem heiligen Stuhl und Italien vom 11. Februar 1929 :$bitalienischer und deutscher Text Autorisierte Ausgabe mit einer Einleitung des päpstlichen Nuntius Eugenio Pacelli in Berlin. 260 $aFreiburg im Breisgau :$bHerder,$c1929. 300 $a75 p., [1] p. di tav. :$bpiante ;$c25 cm 500 $aTesto italiano e tedesco. 650 4$aConcordati$zItalia$y1929.$0(OLS)http://pul/subject/1272 850 $aPUL 852 $aPUL$W1$xSL Diritto Canonico 1$y5$m147 G 33$j32463$nBK-PRI$b $qStampati$B32463$CPULBib$Z2$F32463 $H $81 941 1 $a8 960 $aPatti lateranensi (1929)$91272 961 $aINV: 24101 996 $6245$aDie Lateran-Verträge zwischen dem heiligen Stuhl und Italien vom 11. Februar 1929 :$bitalienischer und deutscher Text Autorisierte Ausgabe mit einer Einleitung des päpstlichen Nuntius Eugenio Pacelli in Berlin$9(OLS)http://pul/title/32243 996 $6260$aFreiburg im Breisgau :$bHerder$9(OLS)http://pul/publisher/48772 LEADER 01645nam a2200337 u 4500 001 000000060958 003 CaOOAMICUS 005 20070226120954.0 008 010827s2000 it u000 u spa u 035 $a10900123 040 $aPUL(R)$bita 100 1 $aColón Rivera, Luis Alberto.$0(OLS)http://pul/name/41584 245 10$aMisterio trinitario y matrimonio espiritual en San Juan de la Cruz :$bperspectivas desde una est&AGetica teológica /$cLuis Alberto Colón Rivera. 260 $aRomae :$b[s.n.],$c2000. 300 $a305 p. ;$c24 cm 500 $aIn testa al front.: "Pontificia Studiorum Universitas a S. Thoma Aq. in Urbe". 502 $aDiss. ad lauream -- Pontificia Universitas S. Thomae in Urbe. Facultas theologiae, 2000. 504 $aBibliografia: p. 278-300. 600 04$aIohannes a Cruce,$csanto,$d1542-1591.$0(OLS)http://pul/subject/8584 650 4$aTrinitŕ.$0(OLS)http://pul/subject/2463 710 2 $aPontificia Studiorum Universitas a Sancto Thoma Aquinate in Urbe.$0(OLS)http://pul/name/1609 850 $aPUL 852 $aPUL$W1$xDP1 Tesi Pon. Univ. S. Tommaso$y44$mTH S.THOM 1128$j79521$nBK-PRI$b $qTesi$B79521$CPULBib$Z2$F79521 $81 941 1 $a16 960 $aGiovanni della Croce,$cs.,$d1542-1591$98584 960 $aJuan de la Cruz,$cs.,$d1542-1591$98584 960 $aTeologia trinitaria$92463 960 $aTeologia trinitaria$92463 961 $aINV: 83980 996 $6245$aMisterio trinitario y matrimonio espiritual en San Juan de la Cruz :$bperspectivas desde una est&AGetica teológica$9(OLS)http://pul/title/81435 996 $6260$aRomae :$b[s.n.]$9(OLS)http://pul/publisher/48223